| 000 | | | 05248cmc2a2200000#x 450 |
| 001 | | | 46b7a2a3-2139-4c9a-96fd-afbb226c52f6 |
| 005 | | | 20180321140119.0 |
| 100 | ## | $a | 20150129l18511917k l0rusy0189 ca |
| 101 | 0# | $a | rus |
| 200 | 1# | $a | Архив барона Николая Александровича Врангеля |
| | $j | 1851-1917 |
| 215 | ## | $a | 106 единиц хранения |
| 330 | ## | $a | В описи представлены документы к истории рода: документы личные, о прохождении службы, об имуществе и переписка H. А. Врангеля и членов его семьи, материалы по управлению делами великого князя Михаила Александровича |
| 102 | ## | $a | RU |
| 251 | ## | $c | Опись |
| 801 | #0 | $a | RU |
| | $b | РГИА |
| | $c | 20150129 |
| 801 | #1 | $a | RU |
| | $b | ГлавНИВЦ |
| | $c | 20150129 |
| | $2 | rusmarc |
| 801 | #2 | $a | RU |
| | $b | ПБ им. Б.Н. Ельцина |
| | $c | 20151224 |
| | $g | RCR |
| | $2 | rusmarc |
| 850 | ## | $a | Федеральное казенное учреждение "Российский государственный исторический архив" (РГИА) |
| 852 | ## | $a | РГИА |
| | $j | 1 |
| 937 | ## | $h | РГИА |
| | $d | 12145150 |
| | $a | ASBIBLIO_SCAN |
| 461 | #0 | $1 | 0016e313960-f5d5-45e7-9ba9-a0527011194e |
| | $1 | 2001 |
| | $a | Врангель, барон Николай Александрович (р. 1869), генерал-лейтенант, управляющий делами великого князя михаила Александровича |
| | $v | Оп. 1 |
| | $1 | 251 |
| | $c | Фонд |
| | $1 | 852 |
| | $j | 920 |
| 371 | ## | $a | Документ не является опубликованным и широко распространяемым |
| 035 | ## | $a | 46b7a2a3-2139-4c9a-96fd-afbb226c52f6 |
| 122 | 2# | $a | d1851###### |
| | $a | d1917###### |
| 300 | ## | $a | На сайте РГИА (http://www.fgurgia.ru/object/27835442) название описи: 1851-1917 гг. |
| 517 | 1# | $a | 1851-1917 гг. |
| 700 | #1 | $3 | LIBNET\UAF\0000073737 |
| | $a | Врангель |
| | $b | Н. А. |
| | $f | 1869-1927 |
| | $g | Николай Александрович |
| 600 | #1 | $2 | prlib_sh |
| | $3 | LIBNET\UAF\0000073741 |
| | $a | Врангель |
| | $b | Н. А. |
| | $f | 1869-1927 |
| | $g | Николай Александрович |
| | $j | Документы и материалы |
| 602 | ## | $2 | nlr_sh |
| | $3 | RU\NLR\AUTH\661582990 |
| | $a | Врангели (род) |
| | $j | Документы и материалы |
| 605 | ## | $2 | acquisition_Prlib |
| | $3 | DITM\AF\0000003834 |
| | $a | Народ |
| | $l | коллекция |
| 605 | ## | $a | Россия в лицах |
| | $l | коллекция |
| | $2 | acquisition_Prlib |
| | $3 | DITM\AF\0000004166 |
| 686 | ## | $2 | rubbk |
| | $a | 63.214(2)-2ю1 |
| | $v | LBC/M |
| 686 | ## | $a | 63.3(2)52-8ю1 |
| | $v | LBC/M |
| | $2 | rubbk |
| 686 | ## | $a | 63.3(2)53-8ю1 |
| | $v | LBC/M |
| | $2 | rubbk |